[Event "Staatsliga A 1998/99"]
[Site "Gleisdorf "]
[Date "1998.11.15"]
[Round "3.3"]
[White "Schroll, Gerhard"]
[Black "Herzog, Adolf"]
[Result "1/2-1/2"]
[WhiteElo "2400"]
[BlackElo "2400"]
[PlyCount "47"]
[EventDate "1998.11.13"]

1. d4 Nf6 2. c4 g6 3. Nc3 Bg7 4. e4 d6 5. Be2 O-O 6. Bg5 c5 7. dxc5 Qa5 8. Bd2
Qxc5 9. Nf3 Bg4 10. Be3 Qc8 11. Rc1 Nbd7 12. Nd2 Bxe2 13. Qxe2 Ne5 14. Nd5 Qd7
15. f3 Rfc8 16. O-O e6 17. Nxf6+ Bxf6 18. Rfd1 a6 19. f4 Nc6 20. Nf3 Qc7 21. b3
Bg7 22. Qd2 Bf8 23. f5 exf5 24. exf5 {... 56} 1/2-1/2

[Event "Staatsliga A 1998/99"]
[Site "Gleisdorf "]
[Date "1998.11.15"]
[Round "3.4"]
[White "Staudner, Oliver"]
[Black "Dueckstein, Andreas"]
[Result "1/2-1/2"]
[WhiteElo "2350"]
[BlackElo "2340"]
[PlyCount "113"]
[EventDate "1998.11.13"]

1. e4 c6 2. Nc3 d5 3. Nf3 dxe4 4. Nxe4 Nf6 5. Nxf6+ gxf6 6. g3 Be6 7. Bg2 Qd7
8. d4 Bh3 9. Bxh3 Qxh3 10. Qe2 Nd7 11. Bd2 e6 12. O-O-O O-O-O 13. Ba5 Re8 14.
Nh4 h5 15. f4 Bd6 16. Qf2 Kb8 17. c4 Qg4 18. Bc3 Bc7 19. Rhe1 Rhg8 20. Kb1 Qg7
21. Qc2 Qf8 22. Re2 Rd8 23. Nf3 Qh6 24. f5 exf5 25. Qxf5 Bd6 26. Rde1 Qg6 27.
Nh4 Qg5 28. Bd2 Qg4 29. Re4 Qxf5 30. Nxf5 Bc7 31. Re7 c5 32. d5 Ne5 33. Bf4
Rge8 34. d6 Rxe7 35. dxe7 Re8 36. Ng7 Rxe7 37. Nxh5 Re6 38. Nxf6 Nxc4 39. Rxe6
fxe6 40. Nd7+ Kc8 41. Nxc5 e5 42. Bg5 Bb6 43. Ne4 Kd7 44. Kc2 Ke6 45. Nd2 Nd6
46. Kd3 Bd4 47. Be3 Bxb2 48. Bxa7 Kd5 49. g4 e4+ 50. Ke2 Bf6 51. Be3 Nb5 52.
Nb1 Nd4+ 53. Bxd4 Kxd4 54. Na3 Be7 55. Nb5+ Ke5 56. h3 Bg5 57. Nc3 1/2-1/2

[Event "Staatsliga A 1998/99"]
[Site "Gleisdorf "]
[Date "1998.11.15"]
[Round "3.5"]
[White "Neulinger, Manfred"]
[Black "Schneider_Zinner, Harald"]
[Result "1/2-1/2"]
[WhiteElo "2270"]
[BlackElo "2300"]
[PlyCount "27"]
[EventDate "1998.11.13"]

1. e4 e6 2. d4 d5 3. Nc3 dxe4 4. Nxe4 Nd7 5. g3 Ngf6 6. Nxf6+ Qxf6 7. Bg2 Bd6
8. Nf3 O-O 9. O-O e5 10. c3 exd4 11. cxd4 Nb6 12. Ng5 c6 13. Ne4 Qd8 14. Nxd6
1/2-1/2

[Event "Staatsliga A 1998/99"]
[Site "Gleisdorf "]
[Date "1998.11.15"]
[Round "3.6"]
[White "Plank, Franz"]
[Black "Posch, Werner"]
[Result "1/2-1/2"]
[WhiteElo "2270"]
[BlackElo "2295"]
[PlyCount "20"]
[EventDate "1998.11.13"]

1. d4 d5 2. Nf3 Bf5 3. Bf4 e6 4. e3 Bd6 5. Be5 Bxe5 6. Nxe5 Nd7 7. Nxd7 Qxd7 8.
Bd3 Bxd3 9. Qxd3 Nf6 10. Nd2 O-O 1/2-1/2

[Event "Staatsliga A 1998/99"]
[Site "Gleisdorf "]
[Date "1998.11.15"]
[Round "3.1"]
[White "Vogt, Lothar"]
[Black "Grosar, Aljosa"]
[Result "1-0"]
[WhiteElo "2485"]
[BlackElo "2450"]
[PlyCount "103"]
[EventDate "1998.11.13"]

1. e4 c5 2. Nf3 d6 3. d4 cxd4 4. Nxd4 Nf6 5. Nc3 Nc6 6. Bg5 e6 7. Qd2 a6 8.
O-O-O Nxd4 9. Qxd4 Be7 10. f4 b5 11. Bxf6 gxf6 12. Bd3 Qc7 13. Qe3 Qc5 14. Qh3
b4 15. Ne2 Bb7 16. Kb1 O-O-O 17. Nc1 h5 18. Nb3 Qb6 19. f5 d5 20. Qf3 Kb8 21.
fxe6 fxe6 22. exd5 Rxd5 23. Be4 Rxd1+ 24. Rxd1 Rc8 25. g3 Bxe4 26. Qxe4 Qc6 27.
Qh7 e5 28. Rc1 Bd8 29. Qxh5 Qg2 30. Qd1 Bb6 31. Qd6+ Ka7 32. Qxf6 Be3 33. Qf5
Bxc1 34. Qxc8 Be3 35. Qc7+ Ka8 36. a3 bxa3 37. bxa3 Qxh2 38. Qxe5 Bf2 39. Qd5+
Ka7 40. Na5 Qh7 41. g4 Be1 42. Nc6+ Kb6 43. Qe6 Qh1 44. Nb4+ Kb7 45. Qxa6+ Kc7
46. Qc4+ Kd7 47. Qd5+ Qxd5 48. Nxd5 Ke6 49. c4 Ke5 50. Kc2 Kd4 51. g5 Bg3 52.
g6 1-0

[Event "Staatsliga A 1998/99"]
[Site "Gleisdorf "]
[Date "1998.11.15"]
[Round "3.2"]
[White "Lipinsky, Fabian"]
[Black "Lehner, Oliver"]
[Result "1/2-1/2"]
[WhiteElo "2390"]
[BlackElo "2415"]
[PlyCount "120"]
[EventDate "1998.11.13"]

1. d4 d5 2. c4 e6 3. Nc3 c6 4. Nf3 Nf6 5. Bg5 dxc4 6. e4 b5 7. a4 Bb7 8. axb5
cxb5 9. Nxb5 Bb4+ 10. Nc3 Bxe4 11. Bxc4 Nbd7 12. O-O Bxc3 13. bxc3 Qc7 14. Bd3
O-O 15. c4 Rfc8 16. Bxf6 Nxf6 17. Bxe4 Nxe4 18. Qd3 Nf6 19. Rfc1 h6 20. c5 a5
21. Ne5 Rd8 22. Qf3 Rd5 23. Nc4 Rad8 24. Nd6 Rb8 25. Qc3 Rb4 26. Nc4 Rd8 27.
Qd2 Rdb8 28. g3 h5 29. Nxa5 Rb2 30. Qf4 Qxf4 31. gxf4 Nd5 32. Nc4 R2b4 33. Ne5
Rc8 34. Rc4 Rb3 35. f5 exf5 36. Rd1 f6 37. Ng6 Kf7 38. Nh4 f4 39. Ng2 Ke7 40.
Nh4 Kd7 41. Nf5 g6 42. Nd6 Ra8 43. Rc2 Rb4 44. Nc4 g5 45. Rdc1 Raa4 46. Nd6 Kc6
47. Nf5 f3 48. Re1 Ra7 49. Re6+ Kd7 50. Re1 Ra6 51. h4 gxh4 52. Kh2 Re6 53.
Rxe6 Kxe6 54. Nxh4 Rxd4 55. Nxf3 Rd3 56. Ne1 Rd1 57. Ng2 Kd7 58. Kg3 Kc6 59.
Nf4 Nxf4 60. Kxf4 Rd5 1/2-1/2

[Event "Staatsliga A 1998/99"]
[Site "Gleisdorf "]
[Date "1998.11.15"]
[Round "3.3"]
[White "Videki, Sandor"]
[Black "Herndl, Harald"]
[Result "1-0"]
[WhiteElo "2430"]
[BlackElo "2375"]
[PlyCount "77"]
[EventDate "1998.11.13"]

1. e4 e6 2. d4 d5 3. Nc3 Nf6 4. Bg5 dxe4 5. Nxe4 Nbd7 6. Nf3 Be7 7. Nxf6+ Bxf6
8. Bxf6 Qxf6 9. Bc4 O-O 10. Qe2 a6 11. Qe4 c5 12. O-O-O Rb8 13. dxc5 Nxc5 14.
Qd4 Qxd4 15. Rxd4 b5 16. b4 bxc4 17. bxc5 c3 18. Rc4 Rb2 19. Rxc3 Rxa2 20. Kb1
Ra4 21. Rd1 f6 22. c6 Kf7 23. c7 e5 24. Rd8 Rb4+ 25. Kc1 Rb7 26. Rd6 a5 27. Nd2
Ke7 28. Rdc6 Rb4 29. Nc4 a4 30. Nb6 Rd4 31. Rd3 Rxd3 32. cxd3 f5 33. Kb2 e4 34.
d4 Bd7 35. c8=Q Bxc8 36. Rxc8 Rxc8 37. Nxc8+ Ke6 38. Nb6 f4 39. Nxa4 1-0

[Event "Staatsliga A 1998/99"]
[Site "Gleisdorf "]
[Date "1998.11.15"]
[Round "3.4"]
[White "Roth, Peter"]
[Black "Neumeier, Klaus"]
[Result "1-0"]
[WhiteElo "2275"]
[BlackElo "2270"]
[PlyCount "125"]
[EventDate "1998.11.13"]

1. e4 c5 2. Nf3 d6 3. Nc3 Nf6 4. Bc4 Nc6 5. d4 cxd4 6. Nxd4 Bd7 7. Bb3 g6 8. h3
Bg7 9. Be3 O-O 10. O-O Qa5 11. Nde2 Rac8 12. f4 Qh5 13. Rf3 Qa5 14. Qe1 b5 15.
Ng3 b4 16. Nce2 Qb5 17. c3 bxc3 18. Nxc3 Qb4 19. Rf1 a5 20. Rf2 Rfd8 21. Rd2
Be6 22. Bxe6 fxe6 23. a3 Qb3 24. Qf2 Rf8 25. Qe2 Nd7 26. Rc1 Nb6 27. Qb5 Qxb5
28. Nxb5 Nd7 29. Ne2 Rb8 30. a4 Nb4 31. Rc7 Rfd8 32. Ned4 Kf7 33. Nb3 Rbc8 34.
Rxc8 Rxc8 35. Rxd6 Nf6 36. Rd4 Nc2 37. Rd3 Nxe4 38. Bb6 Bxb2 39. Nxa5 Bf6 40.
Nb3 Nb4 41. Re3 Nd5 42. Rxe4 Nxb6 43. a5 Na8 44. Kf2 Rb8 45. N3d4 Bxd4+ 46.
Nxd4 Nc7 47. Nc6 Rb2+ 48. Kf3 Ra2 49. Re5 Rc2 50. Nd8+ Ke8 51. Nxe6 Nxe6 52.
Rxe6 Ra2 53. a6 Kf7 54. Rb6 h5 55. h4 Ra4 56. Ke3 Ra2 57. g3 Ra3+ 58. Kd4 Rxg3
59. Kc5 Rf3 60. Rb4 Ra3 61. Kb6 Kf6 62. Rb5 Ra4 63. a7 1-0

[Event "Staatsliga A 1998/99"]
[Site "Gleisdorf "]
[Date "1998.11.15"]
[Round "3.5"]
[White "Ganaus, Hannes"]
[Black "Fahrner, Kurt"]
[Result "0-1"]
[WhiteElo "2225"]
[BlackElo "2325"]
[PlyCount "94"]
[EventDate "1998.11.13"]

1. d4 d5 2. c4 c6 3. e3 Bf5 4. Qb3 Qc7 5. cxd5 cxd5 6. Nc3 e6 7. Bd2 Nc6 8. Nf3
Nf6 9. Bb5 Nd7 10. O-O Be7 11. Rfc1 O-O 12. Na4 Rfc8 13. Ne1 Rab8 14. Nd3 a6
15. Bxc6 bxc6 16. Qc3 e5 17. Ndc5 Nxc5 18. Nxc5 Bxc5 19. Qxc5 Rxb2 20. Ba5 Qb7
21. dxe5 Rb5 22. Qa3 c5 23. Bc3 Rc6 24. f3 h5 25. Qa4 d4 26. exd4 Rg6 27. Qd1
h4 28. a4 Rb2 29. Bxb2 Qxb2 30. Qf1 Bh3 31. Rab1 Rxg2+ 32. Kh1 Rxh2+ 33. Kg1
Qxd4+ 34. Kxh2 Qf4+ 35. Kh1 Bxf1 36. Rxf1 Qg3 37. f4 c4 38. Rbe1 c3 39. Re2
Qh3+ 40. Kg1 Qg3+ 41. Kh1 g6 42. Rff2 Kf8 43. a5 Ke7 44. Rf1 Ke6 45. Rg2 Qh3+
46. Kg1 Qe3+ 47. Kh1 Kd5 0-1

[Event "Staatsliga A 1998/99"]
[Site "Gleisdorf "]
[Date "1998.11.15"]
[Round "3.6"]
[White "Kastner, Walter"]
[Black "Boehsmueller, Raimund"]
[Result "0-1"]
[WhiteElo "2265"]
[BlackElo "2170"]
[PlyCount "88"]
[EventDate "1998.11.13"]

1. Nf3 Nf6 2. g3 g6 3. b3 Bg7 4. Bb2 O-O 5. Bg2 d6 6. d4 e5 7. dxe5 Ng4 8. Qc1
Nxe5 9. O-O Nbc6 10. c4 Bg4 11. Nxe5 dxe5 12. Bxc6 bxc6 13. Rd1 Qc8 14. Nc3 f5
15. f3 Bh3 16. Qg5 Bf6 17. Qh6 f4 18. Ne4 Bg7 19. Qh4 Bf5 20. Ba3 Re8 21. Nf6+
Bxf6 22. Qxf6 Qe6 23. Qxe6+ Bxe6 24. Kf2 a5 25. gxf4 exf4 26. Rd4 a4 27. b4
Red8 28. Re4 Bf5 29. Re7 Rd2 30. Bc1 Rd4 31. Bb2 Rxc4 32. Rg7+ Kf8 33. Rxh7 a3
34. Bf6 Re8 35. Rxc7 Rc2 36. Re1 Bd3 37. Kg1 Rexe2 38. Rxe2 Bxe2 39. Bg7+ Ke8
40. Be5 Rxa2 41. Rxc6 Bxf3 42. Rxg6 Re2 43. Bxf4 a2 44. Ra6 Bb7 0-1

[Event "Staatsliga A 1998/99"]
[Site "Gleisdorf "]
[Date "1998.11.15"]
[Round "3.1"]
[White "Schlosser, Philipp"]
[Black "Polzin, Rainer"]
[Result "1/2-1/2"]
[WhiteElo "2505"]
[BlackElo "2420"]
[PlyCount "83"]
[EventDate "1998.11.13"]

1. e4 g6 2. d4 Bg7 3. Nf3 d6 4. c3 Nf6 5. Bd3 O-O 6. O-O Nc6 7. Re1 e5 8. h3
Re8 9. d5 Ne7 10. c4 Nd7 11. Nc3 Rf8 12. b4 f5 13. a4 Nf6 14. Ba3 Nxe4 15. Nxe4
fxe4 16. Bxe4 Nf5 17. c5 Qf6 18. Bb2 Nh4 19. Ra3 Bf5 20. Qc2 Rf7 21. Bc1 h6 22.
Bd2 Rd8 23. Qc4 Bxe4 24. Rxe4 Nf5 25. Be3 c6 26. Rd3 Kh7 27. b5 Ne7 28. dxc6 d5
29. c7 Re8 30. Rxd5 Nxd5 31. Qxd5 Rxc7 32. Nd2 Rd8 33. Qa2 Qf5 34. Rc4 e4 35.
Qc2 Re8 36. Nxe4 Qd5 37. f3 a6 38. Kf1 axb5 39. axb5 Ra8 40. Ra4 Rxa4 41. Qxa4
Qd3+ 42. Kf2 1/2-1/2

[Event "Staatsliga A 1998/99"]
[Site "Gleisdorf "]
[Date "1998.11.15"]
[Round "3.3"]
[White "Martinovic, Slobodan"]
[Black "Danner, Georg"]
[Result "1-0"]
[WhiteElo "2445"]
[BlackElo "2340"]
[PlyCount "69"]
[EventDate "1998.11.13"]

1. Nf3 Nf6 2. g3 c5 3. c4 Nc6 4. Bg2 g6 5. b3 Bg7 6. Bb2 O-O 7. O-O d6 8. e3
Rb8 9. d4 cxd4 10. exd4 d5 11. Nbd2 Bf5 12. Ne5 Rc8 13. Re1 dxc4 14. Nxc6 bxc6
15. Nxc4 Nd5 16. Qd2 Qd7 17. Rac1 Rfd8 18. Ba3 Bh3 19. Bh1 Be6 20. Bc5 Qb7 21.
Qa5 Rd7 22. Bg2 Nc7 23. Qxa7 Qxa7 24. Bxa7 Nb5 25. Bc5 Bxc4 26. Rxc4 Nxd4 27.
Bxd4 Bxd4 28. Bxc6 Rd6 29. Rec1 e5 30. Kg2 Kg7 31. a4 Rb8 32. b4 f5 33. a5 g5
34. b5 g4 35. Rd1 {... 49} 1-0

[Event "Staatsliga A 1998/99"]
[Site "Gleisdorf "]
[Date "1998.11.15"]
[Round "3.4"]
[White "Frosch, Erich"]
[Black "Moser, Guenter"]
[Result "1/2-1/2"]
[WhiteElo "2280"]
[BlackElo "2355"]
[PlyCount "44"]
[EventDate "1998.11.13"]

1. d4 d5 2. Nf3 Nf6 3. c4 e6 4. Nc3 c6 5. Bg5 Nbd7 6. e3 Qa5 7. Bxf6 Nxf6 8.
Nd2 Bb4 9. Qc2 O-O 10. Bd3 Re8 11. O-O g6 12. Nf3 Bd6 13. c5 Bb8 14. a3 e5 15.
b4 Qd8 16. dxe5 Ng4 17. e4 Nxe5 18. Nxe5 Bxe5 19. exd5 cxd5 20. Rad1 Bg4 21. f3
Be6 22. Ne2 Bg7 1/2-1/2

[Event "Staatsliga A 1998/99"]
[Site "Gleisdorf "]
[Date "1998.11.15"]
[Round "3.5"]
[White "Grundherr, Martin"]
[Black "Kotz, Heinz Peter"]
[Result "0-1"]
[WhiteElo "2335"]
[BlackElo "2265"]
[PlyCount "87"]
[EventDate "1998.11.13"]

1. e4 e5 2. Nf3 Nc6 3. Bb5 a6 4. Ba4 Nf6 5. O-O Be7 6. Nc3 b5 7. Bb3 d6 8. Nd5
Na5 9. d4 Nxb3 10. Nxf6+ Bxf6 11. axb3 O-O 12. Be3 Bg4 13. d5 Be7 14. h3 Bd7
15. Nd2 f5 16. f4 Bf6 17. c3 Qe8 18. exf5 Bxf5 19. Nf3 Qg6 20. Kh1 Bc2 21. Qd2
Bxb3 22. fxe5 dxe5 23. Ra3 Bc4 24. Rfa1 Rfd8 25. Rxa6 Rxa6 26. Rxa6 Bxd5 27.
Qf2 Qb1+ 28. Kh2 Qd3 29. Nh4 Rf8 30. Nf5 Qe4 31. Ng3 Qh4 32. Qd2 c6 33. Ra7 Be7
34. Rd7 h6 35. Rxd5 cxd5 36. Qxd5+ Kh8 37. Qxe5 Qf6 38. Qxf6 Bxf6 39. Kg1 Re8
40. Nf1 Ra8 41. Nd2 Ra2 42. Ne4 Be5 43. Bc5 Rxb2 44. Nd6 0-1

[Event "Staatsliga A 1998/99"]
[Site "Gleisdorf "]
[Date "1998.11.15"]
[Round "3.6"]
[White "Poeltl, Thomas"]
[Black "Kranewitter, Norbert"]
[Result "1-0"]
[WhiteElo "2225"]
[BlackElo "2180"]
[PlyCount "63"]
[EventDate "1998.11.13"]

1. d4 d5 2. c4 c6 3. Nc3 Nf6 4. Nf3 e6 5. Bg5 Nbd7 6. e3 Qa5 7. Nd2 Bb4 8. Qc2
O-O 9. Bxf6 Nxf6 10. Bd3 b6 11. O-O Bxc3 12. bxc3 Ba6 13. f4 dxc4 14. Nxc4 Bxc4
15. Bxc4 Nd5 16. Bxd5 cxd5 17. f5 Rac8 18. Rac1 Rc6 19. f6 Rfc8 20. Qf2 g6 21.
Qf4 Qa3 22. e4 Qd6 23. e5 Qa3 24. Qh6 Qf8 25. Qd2 Rc4 26. Rf3 Ra4 27. Rh3 Ra3
28. Rf1 Kh8 29. Rf4 Qg8 30. Rfh4 g5 31. Qxg5 Qxg5 32. Rxh7+ 1-0

[Event "Staatsliga A 1998/99"]
[Site "Gleisdorf "]
[Date "1998.11.15"]
[Round "3.1"]
[White "Atlas, Valery"]
[Black "Almasi, Zoltan"]
[Result "0-1"]
[WhiteElo "2470"]
[BlackElo "2650"]
[PlyCount "88"]
[EventDate "1998.11.13"]

1. e4 c5 2. Nf3 d6 3. d4 cxd4 4. Nxd4 Nf6 5. Nc3 a6 6. Be3 Nc6 7. g3 Ng4 8.
Nxc6 bxc6 9. Bc1 Qb6 10. Qe2 g6 11. h3 Ne5 12. b3 Bg7 13. Bb2 O-O 14. Bg2 Qb4
15. a3 Qb8 16. Na4 c5 17. O-O Bd7 18. Nc3 Nc6 19. Rab1 Nd4 20. Qd3 Ra7 21. Ba1
a5 22. a4 Rb7 23. Rbd1 Bc6 24. Kh2 Qc8 25. Ne2 e5 26. f4 f5 27. fxe5 dxe5 28.
Nc3 Rbf7 29. Nd5 Bxd5 30. exd5 e4 31. Qc4 e3 32. Bxd4 cxd4 33. Rfe1 Rc7 34. Qb5
Rxc2 35. Re2 Rxe2 36. Qxe2 Qb8 37. Qc4 Rc8 38. Qa6 Be5 39. Qe6+ Kh8 40. d6 Re8
41. Qf7 e2 42. Rc1 Qd8 43. d7 Bxg3+ 44. Kxg3 Qg5+ 0-1

[Event "Staatsliga A 1998/99"]
[Site "Gleisdorf "]
[Date "1998.11.15"]
[Round "3.2"]
[White "Baumegger, Siegfried"]
[Black "Topakian, Raffi"]
[Result "0-1"]
[WhiteElo "2360"]
[BlackElo "2335"]
[PlyCount "78"]
[EventDate "1998.11.13"]

1. e4 e6 2. d4 d5 3. Nc3 Nf6 4. Bg5 Bb4 5. e5 h6 6. Bd2 Bxc3 7. bxc3 Ne4 8. Qg4
g6 9. Bd3 Nxd2 10. Kxd2 c5 11. Qf4 Bd7 12. Nf3 Bc6 13. dxc5 Nd7 14. Nd4 Nxc5
15. Rab1 Qg5 16. Qxg5 hxg5 17. h3 O-O-O 18. Ke3 Rh4 19. Rhe1 Kc7 20. Kd2 Ne4+
21. Bxe4 dxe4 22. Rb4 g4 23. g3 Rxh3 24. Ke3 Rd5 25. Reb1 b6 26. Rc4 Rc5 27.
Nb5+ Bxb5 28. Rxc5+ bxc5 29. Rxb5 Rh5 30. Rxc5+ Kb6 31. Rc4 Rxe5 32. Rxe4 Rxe4+
33. Kxe4 f6 34. Kd4 Kb5 35. c4+ Kc6 36. c5 e5+ 37. Kc4 f5 38. Kb4 e4 39. Kc4 f4
0-1

[Event "Staatsliga A 1998/99"]
[Site "Gleisdorf "]
[Date "1998.11.15"]
[Round "3.3"]
[White "Grabher, Heinz"]
[Black "Freitag, Manfred"]
[Result "0-1"]
[WhiteElo "2285"]
[BlackElo "2400"]
[PlyCount "44"]
[EventDate "1998.11.13"]

1. e4 c5 2. Nf3 d6 3. d4 cxd4 4. Nxd4 Nf6 5. Nc3 a6 6. Bc4 e6 7. Bb3 b5 8. Bg5
Be7 9. Qe2 O-O 10. h4 Qc7 11. O-O-O b4 12. Na4 Bb7 13. f3 Nbd7 14. g4 Nc5 15.
Qe3 Rfc8 16. Rd2 Qa5 17. Nxc5 dxc5 18. Nxe6 c4 19. Nxg7 Bc5 20. Rd4 cxb3 21.
axb3 Bxd4 22. Qxd4 Rd8 0-1

[Event "Staatsliga A 1998/99"]
[Site "Gleisdorf "]
[Date "1998.11.15"]
[Round "3.4"]
[White "Casagrande, Harald"]
[Black "Feistenauer, Fred"]
[Result "0-1"]
[WhiteElo "2360"]
[BlackElo "2300"]
[PlyCount "82"]
[EventDate "1998.11.13"]

1. c4 e5 2. Nc3 Nc6 3. g3 f5 4. Bg2 Nf6 5. d3 g6 6. a3 Bg7 7. b4 O-O 8. b5 Ne7
9. Nd5 Nexd5 10. cxd5 d6 11. Bd2 h6 12. Rc1 Rf7 13. Qb3 Qe8 14. Nf3 g5 15. O-O
f4 16. Rc4 Bg4 17. Rfc1 Qd8 18. a4 b6 19. a5 Rc8 20. Bb4 Qd7 21. Rc6 Ne8 22.
Qc2 Rd8 23. axb6 axb6 24. Qa2 Qf5 25. Be1 h5 26. R6c4 Bh6 27. Ra4 h4 28. Ra8
Rxa8 29. Qxa8 Kf8 30. Qd8 fxg3 31. fxg3 Bxf3 32. exf3 h3 33. Bh1 g4 34. f4 exf4
35. Be4 Qh5 36. Bc3 fxg3 37. Re1 gxh2+ 38. Kh1 g3 39. Qxe8+ Kxe8 40. Bg6+ Kd8
41. Bxh5 Rf1+ 0-1

[Event "Staatsliga A 1998/99"]
[Site "Gleisdorf "]
[Date "1998.11.15"]
[Round "3.5"]
[White "Thoma, Robert"]
[Black "Postl, Anton"]
[Result "1/2-1/2"]
[WhiteElo "2285"]
[BlackElo "2295"]
[PlyCount "33"]
[EventDate "1998.11.13"]

1. Nf3 c5 2. c4 g6 3. Nc3 Bg7 4. e3 Nf6 5. d4 O-O 6. Be2 d5 7. dxc5 Qa5 8. cxd5
Nxd5 9. Qxd5 Bxc3+ 10. bxc3 Qxc3+ 11. Qd2 Qxa1 12. O-O Nc6 13. Bb2 Qxa2 14. Qc3
e5 15. Nxe5 Nxe5 16. Qxe5 f6 17. Qc3 1/2-1/2

[Event "Staatsliga A 1998/99"]
[Site "Gleisdorf "]
[Date "1998.11.15"]
[Round "3.6"]
[White "Ivancsics, Michael"]
[Black "Gaertner, Guntram"]
[Result "1/2-1/2"]
[WhiteElo "2255"]
[BlackElo "2340"]
[PlyCount "55"]
[EventDate "1998.11.13"]

1. d4 d5 2. c4 c6 3. Nc3 Nf6 4. Nf3 a6 5. c5 Bf5 6. Qb3 Qc8 7. Bf4 g6 8. h3 Bg7
9. e3 O-O 10. Be2 Ne4 11. g4 Nxc3 12. bxc3 Be4 13. Rg1 Bxf3 14. Bxf3 e5 15. Bg3
Nd7 16. Rb1 Rb8 17. Kd2 b6 18. cxb6 Rxb6 19. Qa3 Qb7 20. Rxb6 Qxb6 21. Qb3 Qa5
22. Rb1 Rb8 23. Qxb8+ Nxb8 24. Rxb8+ Bf8 25. Bxe5 Qxa2+ 26. Kd3 Qc4+ 27. Kd2
Qa2+ 28. Kd3 1/2-1/2

[Event "Staatsliga A 1998/99"]
[Site "Gleisdorf "]
[Date "1998.11.15"]
[Round "3.1"]
[White "Chernin, Alexander"]
[Black "Horvath, Csaba"]
[Result "0-1"]
[WhiteElo "2610"]
[BlackElo "2540"]
[PlyCount "76"]
[EventDate "1998.11.13"]

1. d4 d5 2. c4 c6 3. Nc3 dxc4 4. e4 b5 5. a4 b4 6. Na2 Nf6 7. f3 b3 8. Nc3 Ba6
9. Be3 e6 10. Qc1 Bb4 11. Kf2 O-O 12. Nb1 c5 13. dxc5 Nc6 14. Na3 Ne5 15. Nxc4
Bxc4 16. Bxc4 Rc8 17. Be2 Nfd7 18. Qd1 Qf6 19. Kf1 Ng4 20. Bd4 e5 21. h3 Nh2+
22. Rxh2 exd4 23. g3 d3 24. Qxd3 Nxc5 25. Qb1 Rfd8 26. Bc4 Qd4 27. Bd5 Nd3 28.
Qd1 Bc5 29. Rg2 Bb6 30. Bxb3 Qe3 31. Qd2 Qc5 32. Bd5 Nb4 33. Ne2 Nc2 34. b4
Ne3+ 35. Kg1 Qc2 36. Qxc2 Nxc2+ 37. Kh2 Nxa1 38. a5 Be3 0-1

[Event "Staatsliga A 1998/99"]
[Site "Gleisdorf "]
[Date "1998.11.15"]
[Round "3.2"]
[White "Hoelzl, Franz"]
[Black "Teske, Henrik"]
[Result "1/2-1/2"]
[WhiteElo "2410"]
[BlackElo "2510"]
[PlyCount "77"]
[EventDate "1998.11.13"]

1. d4 d5 2. c4 c6 3. Nf3 Nf6 4. Nc3 a6 5. e3 b5 6. b3 Bg4 7. Be2 Nbd7 8. O-O e6
9. Bb2 Bd6 10. h3 Bxf3 11. Bxf3 O-O 12. e4 bxc4 13. bxc4 Rb8 14. Rb1 Qa5 15. e5
Bxe5 16. dxe5 Rxb2 17. Rxb2 Qxc3 18. Rb3 Qxe5 19. Ra3 Nc5 20. cxd5 cxd5 21. Qc2
Qd6 22. Rd1 Nfd7 23. Rc3 Rc8 24. Qd2 Qe5 25. Rc2 Kf8 26. Qb4 Qd6 27. Qd4 f6 28.
Rdc1 g6 29. Rd1 Kf7 30. Qh4 Kg7 31. Qd4 Kf7 32. Qh4 h5 33. Qb4 Rc7 34. Qd2 f5
35. Qb4 Qe5 36. Qa5 Qd6 37. Qb4 Qe5 38. Qd2 Qd6 39. Qb4 1/2-1/2

[Event "Staatsliga A 1998/99"]
[Site "Gleisdorf "]
[Date "1998.11.15"]
[Round "3.4"]
[White "Titz, Heimo"]
[Black "Felsberger, Alfred"]
[Result "0-1"]
[WhiteElo "2305"]
[BlackElo "2395"]
[PlyCount "80"]
[EventDate "1998.11.13"]

1. c4 e5 2. Nc3 g6 3. Nf3 Bg7 4. d4 exd4 5. Nxd4 Nf6 6. g3 d5 7. cxd5 Nxd5 8.
Ndb5 Nxc3 9. Qxd8+ Kxd8 10. Nxc3 Nd7 11. Bf4 c6 12. O-O-O Bxc3 13. bxc3 f6 14.
e4 Ke8 15. Bc7 Rf8 16. Bd6 Rh8 17. Bc7 Rf8 18. f4 Nb6 19. Be2 Be6 20. Rd2 Rf7
21. Bd6 Rd7 22. Rhd1 Rdd8 23. e5 Nc8 24. c4 Nxd6 25. exd6 c5 26. Kb2 h5 27. h4
Kf7 28. Kc3 b6 29. a4 Bg4 30. Bxg4 hxg4 31. Rd5 Ke6 32. h5 gxh5 33. Rxh5 Rxd6
34. f5+ Kd7 35. Rh7+ Kc6 36. Rxd6+ Kxd6 37. Rg7 Ke5 38. Rxg4 Kxf5 39. Rg7 a5
40. g4+ 40... Kf4 {... 70} 0-1